| 000 | 00434nam a2200157 i 4500 | ||
|---|---|---|---|
| 001 | 65693 | ||
| 003 | ES-MaACL | ||
| 005 | 20230906165440.0 | ||
| 007 | t| | ||
| 008 | 040120s1969 sp ||||1| spa d | ||
| 100 | 1 |
_aFuchs, Josef. _952809 |
|
| 245 | 1 | 3 |
_aLa Moral y la TeologĂa Moral segĂșn el Concilio / _cJosef Fuchs. |
| 260 |
_aBarcelona : _bHerder, _c1969. |
||
| 300 |
_a149 p. ; _c20 cm. |
||
| 852 |
_aES-MaACL _jC-36008 _bR.68760 |
||
| 999 |
_c65693 _d65693 |
||